| 000 | 00632nam a2200193Ia 4500 | ||
|---|---|---|---|
| 005 | 20250423095559.0 | ||
| 008 | 250422s9999 xx 000 0 und d | ||
| 020 | _a9789785216929 | ||
| 050 | _aHF 1054.N6 .H36/ | ||
| 100 | _aRaw Materials Research and Development Council. | ||
| 245 | 0 | _aHandbook on specifications of raw materials utilized by Nigerian industries | |
| 250 | _a3rd ed. | ||
| 260 | _aAbuja | ||
| 260 | _bRaw Materials Research and Development Council. | ||
| 260 | _c2012 | ||
| 300 | _a328 p | ||
| 650 | _aRaw materials--Specifications--Nigeria--Handbooks, manuals, etc. Industries--Nigeria. | ||
| 942 | _cBK | ||
| 999 |
_c30710 _d30710 |
||